Представление документа в формате RUSMARC

ПолеНазваниеЗначение
  Тип записи a
  Библиографический уровень a
001 Контрольный номер RU/CBS_UL/BASE/f77ab1db5b284d3e9c0b4661e20127d7
005 Дата корректировки 20260218172348.0
100 Данные общей обработки __
a Данные общей обработки 20260218 ||| 0rusy0189 ca
101 Язык документа 0_
a Язык текста rus
102 Страна публикации __
a Страна публикации RU
200 Заглавие и сведения об ответственности 1_
a Заглавие Первый красный офицер
e Сведения, относящиеся к заглавию [советский государственный и военный деятель Климент Ефремович Ворошилов]
f Первые сведения об ответственности А. Воловик, С. Степашин
461 Уровень набора _0
1 2000
a Честь Отечества
463 Уровень физической единицы _0
1 2000
a № 1-2
v С. 14-15 : фото
1 2101
d 2026
1 001RU/CBS_UL/BASE/84d1925e5ac146458e290c11b6276ba6
600 Персоналии _1
a Персоналии (Фамилия) Ворошилов
b Персоналии (Имя, инициалы) К. Е.
606 Тематические рубрики 0_
a Основная рубрика Ворошилов, Климент Ефремович (1881-1969)
610 Ключевые слова 0_
a Ключевые слова государственные деятели
610 Ключевые слова 0_
a Ключевые слова советские государственные деятели
610 Ключевые слова 0_
a Ключевые слова государственные деятели советские
610 Ключевые слова 0_
a Ключевые слова военные деятели
610 Ключевые слова 0_
a Ключевые слова советские военные деятели
610 Ключевые слова 0_
a Ключевые слова военные деятели советские
610 Ключевые слова 0_
a Ключевые слова революционеры
610 Ключевые слова 0_
a Ключевые слова советские революционеры
610 Ключевые слова 0_
a Ключевые слова революционеры советские
610 Ключевые слова 0_
a Ключевые слова народные комиссары обороны СССР
610 Ключевые слова 0_
a Ключевые слова Ворошиловский стрелок (оборонно-спортивное движение)
610 Ключевые слова 0_
a Ключевые слова Маршалы Советского Союза
686 Индексы других классификаций __
2 Код системы rubbk
a Классификационный индекс 63.3(2)6
700 Автор _1
a Фамилия Воловик
b Имя (инициалы) А.
701 Альтернативная интеллектуальная ответственность _1
a Фамилия Степашин
b Имя (инициалы) С.
801 Источник записи _0
a Страна RU
b Организация МБУК ЦБС г. Ульяновска
c Дата составления 20260218
g Правила каталогизации RCR
801 Источник записи _1
a Страна RU
b Организация МБУК ЦБС г. Ульяновска
c Дата составления 20260218
g Правила каталогизации RCR
901 Тип документа __
t Тип документа b
w Контрольный № источника RU/CBS_UL/BASE/84d1925e5ac146458e290c11b6276ba6
909 Создатель записи __
a Создатель записи lib2